| 000 | 00734nmm a2200289 a 4500 | ||
|---|---|---|---|
| 003 | AR-BaBNM | ||
| 005 | 20251128210135.0 | ||
| 008 | 199019s1998 ||||||||||||||000 | spa|| | ||
| 020 | _a987-9186-56-7 | ||
| 040 | _cAR-BaBNM | ||
| 100 | 0 |
_aVoltaire _d1694-1778 |
|
| 245 | 1 | 0 | _aLa princesa de Babilonia |
| 250 | _a1ª ed. | ||
| 260 |
_aBuenos Aires _bNEED _c1998 |
||
| 300 | _a126 p. | ||
| 650 | 4 | _aLITERATURA FRANCESA | |
| 650 | 4 | _aFILOSOFOS | |
| 650 | 4 | _aSIGLO DIECIOCHO | |
| 650 | 4 | _aTRADICION ORAL | |
| 653 | _aLITERATURA FANTASTICA | ||
| 653 | _aINFLUENCIA CLASICA | ||
| 655 | _aLITERATURA | ||
| 700 | 1 |
_aPampillo, Gloria _etraductor |
|
| 700 | 1 |
_aMacías, Carlos _eprologuista |
|
| 942 | _cBK | ||
| 998 | _cMARTIN | ||
| 999 |
_c14222 _d14222 |
||